[Event "Temuco op 1st"]
[Site "Temuco"]
[Date "2023.10.09"]
[Round "6"]
[White "Riffo Paz, Elizardo"]
[Black "Vera Quijon, Benjamin Ignacio"]
[Result "1/2-1/2"]
[WhiteElo "2208"]
[BlackElo "1947"]
[PlyCount "69"]
[EventDate "2023.10.06"]
[EventType "swiss"]
[EventRounds "7"]
[EventCountry "CHI"]
[SourceTitle "Mega2024 Update 01"]
[Source "Chessbase"]
[SourceDate "2023.11.12"]
[SourceVersion "1"]
[SourceVersionDate "2023.11.12"]
[SourceQuality "1"]

1. e4 c5 2. Nf3 e6 3. d4 cxd4 4. Nxd4 a6 5. Nc3 Qc7 6. g3 Nf6 7. Bg2 Be7 8. 0-0 d6 9. h3 Nc6 10. g4 h6 11. Nde2 Bd7 12. f4 Qb6+ 13. Kh1 g5 14. Na4 Qa7 15. Rf3 Nxe4 16. Be3 Qxe3 17. Rxe3 Nf2+ 18. Kg1 Nxd1 19. Rxd1 0-0-0 20. Nb6+ Kc7 21. Nxd7 gxf4 22. Nxf4 Rxd7 23. Rb3 Bg5 24. Nd3 Rhd8 25. Kf2 f6 26. Kg3 h5 27. Re1 h4+ 28. Kf2 Re7 29. Re2 Rf8 30. Nb4 Nxb4 31. Rxb4 Kc8 32. Bd5 Rfe8 33. Rbe4 Kd7 34. Bxb7 d5 35. Rb4 1/2-1/2

[Event "South America-ch U14 16th"]
[Site "Buenos Aires"]
[Date "2019.12.06"]
[Round "9.8"]
[White "Gutierrez Reich, Francisco"]
[Black "Vera Quijon, Benjamin Ignacio"]
[Result "0-1"]
[WhiteElo "1883"]
[BlackElo "1661"]
[PlyCount "68"]
[EventDate "2019.12.01"]
[EventType "swiss"]
[EventRounds "9"]
[EventCountry "ARG"]
[SourceTitle "EXT 2024"]
[Source "ChessBase"]
[SourceDate "2023.10.10"]
[SourceVersion "1"]
[SourceVersionDate "2023.10.10"]
[SourceQuality "1"]

1. Nf3 e6 2. g3 Nf6 3. Bg2 Be7 4. 0-0 0-0 5. d3 d5 6. Nbd2 c5 7. e4 Nc6 8. Re1 Qc7 9. Nf1 dxe4 10. dxe4 Rd8 11. Qe2 Nd4 12. Nxd4 cxd4 13. Bf4 e5 14. Bg5 h6 15. Bxf6 Bxf6 16. c3 Be6 17. cxd4 Rxd4 18. Ne3 Rc8 19. Rac1 Qxc1 20. Rxc1 Rxc1+ 21. Bf1 Bh3 22. f3 Bxf1 23. Nxf1 Rdd1 24. Qb5 Rxf1+ 25. Kg2 g6 26. Qxb7 Rfd1 27. Kf2 Rc2+ 28. Ke3 Rdd2 29. Qxa7 Rxb2 30. a4 Rxh2 31. Kd3 Rb3+ 32. Kc4 Rxf3 33. Kb5 Rxg3 34. Kc6 Rc3+ 0-1

[Event "South American-ch U12"]
[Site "Santiago de Chile"]
[Date "2016.12.03"]
[Round "4.3"]
[White "Sanchez, Kevin"]
[Black "Vera Quijon, Benjamin Ignacio"]
[Result "1-0"]
[WhiteElo "1762"]
[BlackElo "1570"]
[PlyCount "79"]
[EventDate "2016.12.01"]
[EventType "swiss"]
[EventRounds "9"]
[EventCountry "CHI"]
[SourceTitle "EXT 2022"]
[Source "ChessBase"]
[SourceDate "2021.10.06"]
[SourceVersion "1"]
[SourceVersionDate "2021.10.06"]
[SourceQuality "1"]

1. e4 c5 2. Nf3 e6 3. d4 cxd4 4. Nxd4 a6 5. Nc3 Qc7 6. Bd3 Nc6 7. Nb3 Nf6 8. Be3 Be7 9. f3 0-0 10. Qd2 d6 11. 0-0-0 Bd7 12. Qf2 b5 13. Kb1 Rfb8 14. g4 b4 15. Na4 Bd8 16. g5 Nxe4 17. Bxe4 d5 18. Nac5 Be8 19. Bd3 a5 20. f4 a4 21. Nd2 Na5 22. Na6 Rxa6 23. Bxa6 b3 24. cxb3 axb3 25. a3 Be7 26. Rc1 Qd6 27. Bd3 f6 28. Bc5 Qd7 29. Bxe7 Qxe7 30. Qh4 Bg6 31. Bxg6 hxg6 32. gxf6 gxf6 33. Rhg1 Kg7 34. Qg3 Qf7 35. f5 exf5 36. Qxb8 Nc4 37. Nxc4 dxc4 38. Qf4 Qe6 39. Rxc4 Qe1+ 40. Rxe1 1-0

[Event "South American-ch U12"]
[Site "Santiago de Chile"]
[Date "2016.12.02"]
[Round "2.18"]
[White "Varillas Jimenes, Ivan"]
[Black "Vera Quijon, Benjamin Ignacio"]
[Result "1/2-1/2"]
[WhiteElo "1345"]
[BlackElo "1570"]
[PlyCount "96"]
[EventDate "2016.12.01"]
[EventType "swiss"]
[EventRounds "9"]
[EventCountry "CHI"]
[SourceTitle "EXT 2022"]
[Source "ChessBase"]
[SourceDate "2021.10.06"]
[SourceVersion "1"]
[SourceVersionDate "2021.10.06"]
[SourceQuality "1"]

1. d4 Nf6 2. c4 e6 3. Nf3 Bb4+ 4. Bd2 Qe7 5. a3 Bxd2+ 6. Qxd2 0-0 7. Nc3 d6 8. e4 Nbd7 9. Be2 c5 10. 0-0 Rd8 11. Rad1 b6 12. Rfe1 Bb7 13. Bf1 Rac8 14. Qc2 cxd4 15. Nxd4 Ne5 16. b3 Rd7 17. f4 Ng6 18. f5 Ne5 19. h3 a6 20. a4 Rdc7 21. Qf2 d5 22. fxe6 fxe6 23. exd5 exd5 24. Nf5 Qe6 25. cxd5 Nxd5 26. Bc4 Rxc4 27. bxc4 Nxc3 28. Rd6 Nf3+ 29. gxf3 Qxf5 30. Rxb6 Qxf3 31. Qxf3 Bxf3 32. Re3 Ne2+ 33. Kf2 Bh5 34. Rxe2 Bxe2 35. Kxe2 Rxc4 36. Rxa6 h6 37. Ra8+ Kh7 38. Kf2 Rc2+ 39. Kg3 Rc3+ 40. Kg2 Ra3 41. a5 Ra4 42. Kf3 Kg6 43. a6 Kh7 44. a7 Ra3+ 45. Ke4 Ra4+ 46. Kd5 Ra3 47. h4 Ra4 48. Kd6 Kg6 1/2-1/2